| 000 | 00913cam a2200289Ia 4500 | ||
|---|---|---|---|
| 001 | zsdlsd b835561 | ||
| 003 | OCoLC | ||
| 005 | 20240317190231.0 | ||
| 008 | 941109s1994 ag a 000 0 eng d | ||
| 020 |
_a9501109860 : _c$4.95 |
||
| 020 | _a9789501109863 | ||
| 040 |
_aDPL _cDPL _dJTB |
||
| 041 | 1 |
_aspa _heng |
|
| 092 | 0 | _aE SPA/COLELLA | |
| 100 | 1 | _aColella, Olga. | |
| 245 | 1 | 0 |
_aGrupos / _c[textos de Olga Colella] |
| 260 |
_aBuenos Aires : _bSigmar, _cc1994. |
||
| 300 |
_a1 v. (unpaged) : _bcol. ill. ; _c20 cm. |
||
| 490 | 0 | _aPrimeras imagenes. | |
| 500 | _aTitulo original: My first look at sorting. | ||
| 500 | _a"Un libro Dorling Kindersley" -- T.p. verso. | ||
| 520 | _aPhotographs explore how things are alike and different. | ||
| 650 | 7 |
_aGrupos _xLiteratura juvenil. _2bidex. |
|
| 650 | 0 |
_aSet theory _vJuvenile literature. |
|
| 650 | 1 | _aSpanish language materials. | |
| 942 |
_cBK _2ddc |
||
| 999 |
_c29380 _d29378 |
||